Nueva enciclopedia Cumbre / (Registro nro. 11581)
[ vista simple ]
| 000 -LEADER | |
|---|---|
| fixed length control field | 01506nam a22004337a 4500 |
| 001 - CONTROL NUMBER | |
| control field | 001247 |
| 003 - CONTROL NUMBER IDENTIFIER | |
| control field | DO-SdBNP |
| 005 - DATE AND TIME OF LATEST TRANSACTION | |
| control field | 20170906095454.0 |
| 007 - PHYSICAL DESCRIPTION FIXED FIELD--GENERAL INFORMATION | |
| fixed length control field | 001247 |
| 008 - FIXED-LENGTH DATA ELEMENTS--GENERAL INFORMATION | |
| fixed length control field | 161017b 2005 pr || 00| 0 spa d |
| 020 ## - INTERNATIONAL STANDARD BOOK NUMBER | |
| International Standard Book Number | 0717251144 (obra completa) |
| 040 ## - CATALOGING SOURCE | |
| Original cataloging agency | BPMUSU |
| Language of cataloging | spa |
| Transcribing agency | BPMSU |
| 082 #4 - DEWEY DECIMAL CLASSIFICATION NUMBER | |
| Classification number | R 036.1 |
| Item number | N964e, 2005 |
| 245 00 - TITLE STATEMENT | |
| Title | Nueva enciclopedia Cumbre / |
| Statement of responsibility, etc. | director editorial Pedro Larios Aznar ... [et.al.] ; prólogo Alfonso Reyes |
| 260 0# - PUBLICATION, DISTRIBUTION, ETC. (IMPRINT) | |
| Place of publication, distribution, etc. | Santurce, Puerto Rico : |
| Name of publisher, distributor, etc. | Caribe Grolier, |
| Date of publication, distribution, etc. | 2005 |
| 300 ## - PHYSICAL DESCRIPTION | |
| Extent | 15 v. : |
| Other physical details | il.; |
| Dimensions | 30 cm. |
| 505 0# - FORMATTED CONTENTS NOTE | |
| Title | v. 1. A - Arecibo --<br/> |
| 505 0# - FORMATTED CONTENTS NOTE | |
| Title | v. 2. Arena - Blasco --<br/> |
| 505 0# - FORMATTED CONTENTS NOTE | |
| Title | v. 3. Blasco Ibáñez - Cerro Largo --<br/> |
| 505 0# - FORMATTED CONTENTS NOTE | |
| Title | v. 4. Cervantes - Cyrano --<br/> |
| 505 0# - FORMATTED CONTENTS NOTE | |
| Title | v. 5. D - España --<br/> |
| 505 0# - FORMATTED CONTENTS NOTE | |
| Title | v. 6. Español - Gobi --<br/> |
| 505 0# - FORMATTED CONTENTS NOTE | |
| Title | v. 7. Gobierno - Inscripción --<br/> |
| 505 0# - FORMATTED CONTENTS NOTE | |
| Title | v. 8. Insecticidas - Lyra --<br/> |
| 505 0# - FORMATTED CONTENTS NOTE | |
| Title | v. 9. M - Murat --<br/> |
| 505 0# - FORMATTED CONTENTS NOTE | |
| Title | v. 10. Murcia - Pasco --<br/> |
| 505 0# - FORMATTED CONTENTS NOTE | |
| Title | v. 11. Pascua - Reis --<br/> |
| 505 0# - FORMATTED CONTENTS NOTE | |
| Title | v. 12. Reja - Sionismo --<br/> |
| 505 0# - FORMATTED CONTENTS NOTE | |
| Title | v. 13. Siqueiros - Vacío -- |
| 505 0# - FORMATTED CONTENTS NOTE | |
| Title | v. 14. Vacunación - Zworkin --<br/> |
| 505 0# - FORMATTED CONTENTS NOTE | |
| Title | v. 15 . Índice analítico. |
| 650 #4 - SUBJECT ADDED ENTRY--TOPICAL TERM | |
| Topical term or geographic name as entry element | ENCICLOPEDIAS Y DICCIONARIOS ESPAÑOLES |
| 700 12 - ADDED ENTRY--PERSONAL NAME | |
| Personal name | Reyes, Alfonso |
| Relator term | prólogo |
| 700 12 - ADDED ENTRY--PERSONAL NAME | |
| Personal name | Larios Aznar, Pedro |
| Relator term | editor |
| 910 ## - USER-OPTION DATA (OCLC) | |
| User-option data | Validado. Control de calidad MFF |
| 942 ## - ADDED ENTRY ELEMENTS (KOHA) | |
| Source of classification or shelving scheme | Dewey Decimal Classification |
| Koha item type | Libros |
| 945 ## - LOCAL PROCESSING INFORMATION (OCLC) | |
| a | Inventariado/ 2017 VM |
| 956 ## - LOCAL ELECTRONIC LOCATION AND ACCESS (OCLC) | |
| Host name | VMATEO |
| Access number | 10 |
| Compression information | 20161017 |
| Path | BPMSU |
| Electronic name | 0069 |